| 000 | 00510nam a22001937a 4500 | ||
|---|---|---|---|
| 003 | OSt | ||
| 008 | 260430b |||||||| |||| 00| 0 eng d | ||
| 082 |
_a633.33 _bS48S |
||
| 100 | _aSinha, Bipin Bihari. | ||
| 245 |
_aStability Analysis in Cowpea _cby Bipin Bihari Sinha |
||
| 260 |
_a.- Sabour, Bhagalpur _b: Bihar Agricultural College, RAU _c, 1997 |
||
| 300 | _a125p. | ||
| 502 |
_bPh. D. _d1997 |
||
| 650 | _aHorticulture | ||
| 650 | _aCowpea | ||
| 650 | _aThesis | ||
| 650 | _aPh. D. | ||
| 942 |
_2ddc _cT |
||
| 999 |
_c50334 _d50334 |
||